Great Apes - Harder Version - Statistics

General Stats
  • This quiz has been taken 32 times
  • The average score is 5 of 8
Answer Stats
Answer % Correct
Chimpanzee
100%
Bonobo
85%
Human
81%
Sumatran Orangutan
59%
Bornean Orangutan
56%
Eastern Gorilla
56%
Western Gorilla
56%
Tapanuli Orangutan
44%
No matching quizzes found
Score Distribution
Percent of People with Each Score
Percentile by Number Answered
Your Score History
You have not taken this quiz